Asamblea Nacional de Antracita y dela Minería Leonesa del Carbón (Record no. 26701)

MARC details
000 -LEADER
campo de control de longitud fija 00611nam a2200157 i 4500
001 - NÚMERO DE CONTROL
campo de control 26701
003 - IDENTIFICADOR DE NÚMERO DE CONTROL
campo de control ES-MaACL
005 - FECHA Y HORA DE LA ÚLTIMA TRANSACCIÓN
campo de control 20230906153503.0
007 - CAMPO FIJO DE DESCRIPCIÓN FÍSICA--INFORMACIÓN GENERAL
campo de control de longitud fija t|
008 - DATOS DE LONGITUD FIJA--INFORMACIÓN GENERAL
campo de control de longitud fija 030110s1970 sp ||||1| spa d
111 2# - ENTRADA PRINCIPAL--NOMBRE DE CONGRESO/REUNIÓN
Nombre de congreso/reunión o jurisdicción como elemento de entrada Asamblea Nacional de Antracita y de la Minería Leonesa del Carbón (
Fecha del congreso o de la firma del tratado 1970.
Sede del congreso/Lugar de la reunión León)
9 (RLIN) 27
245 10 - MENCIÓN DEL TÍTULO
Título Asamblea Nacional de Antracita y dela Minería Leonesa del Carbón
Resto del título : conferencias magistrales, ponencias, conclusiones definitivas...
260 ## - PUBLICACIÓN, DISTRIBUCIÓN, ETC.
Lugar de publicación, distribución, etc. León :
Nombre del editor, distribuidor, etc. [s.n.,
Fecha de publicación, distribución, etc. 1970] (
Fabricante Imp. Provincial)
300 ## - DESCRIPCIÓN FÍSICA
Extensión 303 p., 21 lám. :
Otras características físicas 19 gráf. ;
Dimensiones 24 cm.
852 ## - LOCALIZACIÓN
Ubicación ES-MaACL
Número de control de estantería C-41308
Sublocalización o colección R.74890
Holdings
Estatus retirado Estado de pérdida Estado de daño No para préstamo Biblioteca de origen Biblioteca actual Ubicación en estantería Fecha de adquisición Fuente de adquisición Total de préstamos Signatura topográfica completa Código de barras Visto por última vez Precio de reemplazo Tipo de ítem Koha
        Biblioteca del Ateneo de Madrid Biblioteca del Ateneo de Madrid Depósito 2 17/01/2008     C-41308 1027554 23/02/2023 23/02/2023 Libro impreso